000 00652nam a2200229Ia 4500
003 OSt
005 20220925214751.0
006 a|||||r|||| 00| 0
007 ta
008 220923b |||||||| |||| 00| 0 eng d
037 _cGeneral Book
040 _aRTL
_cRTL
_beng
041 _2eng
_aeng
082 _aX:3M24xM18, C1
100 _aMarx Karl
_922872
245 0 _aRevolution and counter-revolution. Ed by Eleanor M
260 _aLondon
_bGeorge Allen
_c1891
300 _aix,111p
_ccm.
650 _aEconomic Classics Karl Marx
_9233100
942 _hX:3M24xM18, C1
_cGB
_2CC
999 _c566555
_d566555